Christianity through the centuries : (Record no. 6344)
[ view plain ]
| 000 -LEADER | |
|---|---|
| fixed length control field | 00794cam a2200253 a 4500 |
| 001 - CONTROL NUMBER | |
| control field | 35174932 |
| 003 - CONTROL NUMBER IDENTIFIER | |
| control field | OCoLC |
| 005 - DATE AND TIME OF LATEST TRANSACTION | |
| control field | 20190116180344.0 |
| 008 - FIXED-LENGTH DATA ELEMENTS--GENERAL INFORMATION | |
| fixed length control field | 960724s1996 miuab b 001 0 eng |
| 010 ## - LIBRARY OF CONGRESS CONTROL NUMBER | |
| LC control number | 96032558 |
| 020 ## - INTERNATIONAL STANDARD BOOK NUMBER | |
| International Standard Book Number | 0310208122 (alk. paper) |
| 035 ## - SYSTEM CONTROL NUMBER | |
| System control number | .b10699934 |
| 040 ## - CATALOGING SOURCE | |
| Original cataloging agency | DLC |
| Transcribing agency | DLC |
| Modifying agency | OCoLC |
| 050 00 - LIBRARY OF CONGRESS CALL NUMBER | |
| Classification number | BR145.2 |
| Item number | .C28 1996 |
| 082 ## - DEWEY DECIMAL CLASSIFICATION NUMBER | |
| Classification number | 270 |
| Item number | C136c |
| 100 1# - MAIN ENTRY--PERSONAL NAME | |
| Personal name | Cairns, Earle E. |
| Fuller form of name | (Earle Edwin), |
| Dates associated with a name | 1910-2008 |
| 245 10 - TITLE STATEMENT | |
| Title | Christianity through the centuries : |
| Remainder of title | a history of the Christian church / |
| Statement of responsibility, etc. | Earle E. Cairns |
| 250 ## - EDITION STATEMENT | |
| Edition statement | 3rd ed., rev. and expanded |
| 260 ## - PUBLICATION, DISTRIBUTION, ETC. | |
| Place of publication, distribution, etc. | Grand Rapids, Mich. : |
| Name of publisher, distributor, etc. | Zondervan Pub., |
| Date of publication, distribution, etc. | c1954 |
| 300 ## - PHYSICAL DESCRIPTION | |
| Extent | 511p. : |
| Other physical details | ill., maps ; |
| Dimensions | 25 cm |
| 504 ## - BIBLIOGRAPHY, ETC. NOTE | |
| Bibliography, etc. note | Includes bibliographical references and index |
| 650 #0 - SUBJECT ADDED ENTRY--TOPICAL TERM | |
| Topical term or geographic name entry element | Church history |
| 942 ## - ADDED ENTRY ELEMENTS (KOHA) | |
| Source of classification or shelving scheme | Dewey Decimal Classification |
| Koha item type | Books |
| Withdrawn status | Lost status | Source of classification or shelving scheme | Damaged status | Not for loan | Collection code | Home library | Current library | Shelving location | Date acquired | Cost, normal purchase price | Full call number | Barcode | Date last seen | Price effective from | Koha item type | Total Checkouts |
|---|---|---|---|---|---|---|---|---|---|---|---|---|---|---|---|---|
| Dewey Decimal Classification | Non-fiction | Harvest Mission College | Harvest Mission College | General Stacks | 16.01.2019 | 250.00 | 270 C136C | 007125 | 16.01.2019 | 16.01.2019 | Books | |||||
| Dewey Decimal Classification | Non-fiction | Harvest Mission College | Harvest Mission College | General Stacks | 16.01.2019 | 250.00 | 270 C136C | 012748 | 06.07.2022 | 16.01.2019 | Books |
